000 00797nam a2200229 a 4500
001 40879
003 BD-RjUL
005 20211209053306.0
008 160511s1964 bg ||||| |||| 00| 0 ben d
020 _c: IRs 4.00
035 _a(BD-RjUL)40995
040 _aBD-RjUL
_bben
_cBD-RjUL
041 _aben
082 _223
_a891.443
_bRAP 1964
100 _aরশীদ, আ. ন. ম. বজলুর
_9124957
245 1 0 _aপথ ও পৃথিবী /
_cআ. ন. ম. বজলুর রশীদ
260 _aঢাকা :
_bশরিফিয়া লাইব্রেরী,
_c১৯৬৪
300 _a[৬], ২০২ পৃ. ;
_c১৯ সেমি.
650 _aবাংলা উপন্যাস
_9125824
650 _aBengali Fiction
_9125825
942 _2ddc
_cBK
999 _c40879
_d40879